| 000 | 01572nam a2200397 a 4500 | ||
|---|---|---|---|
| 999 |
_c66227 _d66227 |
||
| 003 | BLK | ||
| 005 | 20250116152437.0 | ||
| 008 | 180408b bul|||||r ||||||| ||bul|| | ||
| 010 | _aKNG00070515000 | ||
| 020 | _a954-308-131-Х | ||
| 040 | _aBLK | ||
| 041 |
_aBUL _cBUL |
||
| 080 |
_aСистематична (специална) зоология. Вж и 562/569; 57.06 _b592/599 _z592/599 |
||
| 139 |
_aЧудесата на дивата природа _bЧ 94 |
||
| 245 | 1 | 0 |
_aЧудесата на дивата природа _bЗапознайте се с най-екзотичните животни на планетата _cпрев. Михаела Михайлова. |
| 257 | _aGBR | ||
| 260 |
_bПрес _c2006 _fПловдив : Делта + _aСофия |
||
| 300 |
_a63 с. _c29 см |
||
| 380 | _aDN | ||
| 490 |
_aBritannica _9203461 |
||
| 490 |
_aБиблиотека Знание _v1 _9202259 |
||
| 500 | _aОриг. загл. Britannica Learning Library - Wildlife Wonders. - Съдържа и Речник. | ||
| 590 | _aЕнциклопедия Британика | ||
| 650 | 4 |
_aДиви животни _9285878 |
|
| 653 | _aдиви животни | ||
| 653 | _aлитература за деца | ||
| 653 | _aдетска литература | ||
| 700 | 1 |
_aМихайлова, Михаела _eпрев. _9367017 |
|
| 852 |
_aЦб ІІ 14180 _bЦб |
||
| 856 | 4 | _qpdf | |
| 856 | 4 | _qpdf | |
| 942 |
_cKNG _n0 _011 _s1 |
||
| 944 |
_aCR _c11.01.2007 _k30537 _lГрета Цуфелде |
||
| 944 |
_aED _c10.07.2007 |
||
| 999 | _d66227 | ||